| 000 | 02622nam a22003257a 4500 | ||
|---|---|---|---|
| 001 | TZ 0029 | ||
| 003 | gtcocun | ||
| 005 | 20251006182756.0 | ||
| 006 | a||||gr|||| 00| 0 | ||
| 007 | ta | ||
| 008 | 251006b2006 gt ||||| m||| 00| 0 eng d | ||
| 040 |
_agtcocun _bSPA _cgtcocun _eRDA |
||
| 041 | _aSPA TZ 0029 | ||
| 084 | _0TZ 0029 | ||
| 100 |
_aAlvarado, Juan José _eAutor |
||
| 245 |
_aINFORME FINAL DEL EJERCICIO PROFESIONAL SUPERVISADO REALIZADO EN DESARROLLO PECUARIO DE LA FINCA CAROLINA CHISEC, ALTA VERAPAZ _cJuan José Alvarado. _hImpreso |
||
| 264 |
_aCobán, Alta Verapaz: _bUniversidad de San Carlos de Guatemala, Centro Universitario del Norte, Zootecnia. _c2006 |
||
| 300 |
_a55 p.: _bIlustraciones, gráficas. _c28 cm; |
||
| 336 |
_2rdacontenido _aTexto _btxt |
||
| 337 |
_2rdamedio _aComputadora _bn |
||
| 338 |
_2rdasoporte _aCódigo en línea _bcr |
||
| 502 | _eTZ 0029 | ||
| 502 |
_aTesis de grado _bZootecnia, _cUniversidad de San Carlos de Guatemala, Centro Universitario del Norte, Zootecnia _d2006 _oTZ 0029 |
||
| 520 | 1 | 4 | _aHaciendo uso de los recursos encontrados en la Unidad de Práctica y los problemas que la afectan, se desarrollaron actividades con el fin de coadyuvar en el desarrollo pecuario de dicha finca; entre las ejecutadas durante el Ejercicio Profesional Supervisado (EPS) se pueden mencionar: Planes profilácticos para bovinos, cerdos y aves, planes de manejo, construcción de mangas de manejo para ganado bovino y control de malezas. Con el propósito de contribuir con la educación del alumnado de la Escuela de Formación de Facilitadores Agropecuarios de Carolina (EFFAC), se impartió docencia directa cinco días al mes, durante la fase del EPS, según la programación de los profesores de dicha escuela; los principales temas impartidos fueron sobre: producción avícola, porcina y bovina. Durante el Ejercicio Profesional Supervisado se seleccionaron comunidades vecinas a la unidad de práctica, en donde las explotaciones pecuarias que existen son de tipo familiar. En vista de ello, el trabajo se enfocó hacia la capacitación de las personas en temas como: Sanidad, construcción de instalaciones y equipo, manejo de pollos de engorde y gallinas ponedoras. |
| 650 | 1 | 4 |
_2LEMB _aChisec, Alta Verapaz. _xZootecnia _xProfiláctico _xBovinos _xAgropecuarios _xAvícola _xGallinas ponedoras |
| 700 |
_aLic. Zoot. Mauricio Quiroa Roldán _eAsesor |
||
| 856 |
_uhttps://drive.google.com/file/d/1PqUQT98wEojt1FLi1A4lDzueXzKlZ56j/view _yPDF _zUn ejemplar en línea. |
||
| 942 |
_2ddc _cTES _iTZ 0029 _kClasificación _n0 _6TZ_0029_000000000000000 |
||
| 999 |
_c2245 _d2245 |
||